Most spoken languages in New Zealand - Statistics

General Stats
  • This quiz has been taken 46 times
  • The average score is 13 of 18
Answer Stats
Hint Answer % Correct
~99% English
100%
2.0% Mandarin
98%
1.2% French
95%
0.83% Spanish
95%
0.88% German
91%
3.9% Te Reo Māori
86%
0.57% Fiji Hindi
84%
1.5% Hindi
81%
0.54% Japanese
81%
0.67% Korean
81%
0.50% Dutch
74%
1.1% Cantonese
70%
2.2% Samoan
58%
0.92% Tagalog
56%
0.73% Punjabi
49%
0.76% Tongan
44%
0.79% Afrikaans
40%
0.47% Gujurati
5%
No matching quizzes found
Score Distribution
Percent of People with Each Score
Percentile by Number Answered
Your Score History
You have not taken this quiz